Koleksi biskut & kek : Jelita 2

Bibliographic Details
Format: Book
Published: Kuala Lumpur : Berita Publishing , 1995
Subjects:

MARC

LEADER 00000cam a2200000 7i4500
001 0000008313
002 000009065
005 20000330.0
020 |a 9679693414 
090 0 0 |a 641.8   |b KOL 
245 0 0 |a Koleksi biskut & kek :   |b Jelita 2 
260 |a Kuala Lumpur :   |b Berita Publishing ,   |c 1995 
300 |a 104p. :   |b ill. ;   |c 29cm. 
650 0 0 |a Biscuits 
650 0 0 |a Cake 
999 |a 044413   |b BUKU   |c PINJAMAN   |e PERPUSTAKAAN KOMUNITI PETALING JAYA 
999 |a 044414   |b BUKU   |c PINJAMAN   |e PERPUSTAKAAN KOMUNITI PETALING JAYA 
999 |a 044415   |b BUKU   |c PINJAMAN   |e PERPUSTAKAAN KOMUNITI PETALING JAYA 
999 |a 047736   |b BUKU   |c PINJAMAN   |e PERPUSTAKAAN KOMUNITI PETALING JAYA 
999 |a 056425   |b BUKU   |c PINJAMAN   |e PERPUSTAKAAN KOMUNITI PETALING JAYA 
999 |a 056430   |b BUKU   |c PINJAMAN   |e PERPUSTAKAAN KOMUNITI CAW KOTA DAMANSARA